Certificate for payment for use with JCT MW98 (Record no. 100685)

MARC details
000 -LEADER
fixed length control field 00691cam a2200205 4500
001 - CONTROL NUMBER
control field ##J107326
008 - FIXED-LENGTH DATA ELEMENTS--GENERAL INFORMATION
fixed length control field 000000n2000 000 0 eng u
035 ## - SYSTEM CONTROL NUMBER
System control number (Sirsi) u107326
041 0# - LANGUAGE CODE
Language code of text/sound track or separate title eng
110 2# - MAIN ENTRY--CORPORATE NAME
Corporate name or jurisdiction name as entry element Royal Institution of Chartered Surveyors
9 (RLIN) 4900
245 00 - TITLE STATEMENT
Title Certificate for payment for use with JCT MW98
Remainder of title serialised
260 ## - PUBLICATION, DISTRIBUTION, ETC.
Place of publication, distribution, etc. London
Name of publisher, distributor, etc. RICS
Date of publication, distribution, etc. 2000
300 ## - PHYSICAL DESCRIPTION
Extent 1
Type of unit sample pad
Dimensions 30cm.
490 #0 - SERIES STATEMENT
Series statement RICS Stationery
650 24 - SUBJECT ADDED ENTRY--TOPICAL TERM
Topical term or geographic name entry element JCT AGREEMENT FOR MINOR BUILDING WORKS (1998 EDITION)
651 #4 - SUBJECT ADDED ENTRY--GEOGRAPHIC NAME
Geographic name GREAT BRITAIN
690 ## - LOCAL SUBJECT ADDED ENTRY--TOPICAL TERM (OCLC, RLIN)
Topical term or geographic name as entry element BUILT ENVIRONMENT-BUILDING CONTRACT FORMS-STANDARD FORMS OF BUILDING CONTRACT-JOINT CONTRACTS TRIBUNAL CONTRACTS
942 ## - ADDED ENTRY ELEMENTS (KOHA)
Suppress in OPAC 0
Holdings
Withdrawn status Lost status Source of classification or shelving scheme Damaged status Not for loan Home library Current library Shelving location Date acquired Total Checkouts Full call number Barcode Date last seen Copy number Price effective from Koha item type
    Dewey Decimal Classification     London London RICS Boxes 26/07/2000   RICS 2000/47 30062020 06/08/2019 1 06/08/2019 Archive
    Dewey Decimal Classification     London London RICS Boxes 07/04/2005   RICS 2000/47 30070167 06/08/2019 2 06/08/2019 Reference material